000 00864nam a22002897a 4500
003 OSt
005 20260421094641.0
008 260421b |||||||| |||| 00| 0 eng d
010 _a6517435
020 _a0553210092
040 _beng
_c BANTAM BOOKS
050 _aPS 1868
_b.A1 1986
082 _219
_a813/.3
100 _aHawthorne, Nathaniel,
_d1804-1864,
_eauthor.
245 _aThe scarlet letter /
_bby Nathaniel Hawthorne.
250 _afirst edition.
260 _aNew York :
_bBantam Books,
_c1986.
300 _a244 pages ;
_c18 cm.
490 _aA Bantam classic
500 _aOriginally published in 1850.
650 _a Puritans
_vFiction.
_zMassachusetts
650 _aAdultery
_xFiction.
655 _aPsychological fiction.
655 _2lcgft
_aClassic literature.
655 _2lcgft
_aHistorical fiction.
942 _2lcc
_cBK
_e1st ed.
_n0
999 _c10090
_d10090